History Quiz

Random History or Famous Quiz

Born in 1943 Quiz Stats

Quiz Updated Feb 29, 2012

Challenge
Share
Tweet
Embed
Score 0/18 Timer 05:00
0 Plays Today
Bio Person % Correct
Original SNL member and star of 'Fletch,' 'Caddyshack,' and 'Vacation'Chevy Chase
86.8%
Founding member of The Rolling StonesMick Jagger or Keith Richards
85.4%
She hit #1 with 'Me and Bobby McGee' before dying of an overdose Janis Joplin
77.6%
Hit singer of 'Mandy' and 'Copacabana'Barry Manilow
74.6%
Famed American chess Grandmaster and 11th World Chess ChampionBobby Fischer
73.3%
She defeated Bobby Riggs in tennis match known as 'The Battle of the Sexes'Billie Jean King
68%
The main court of the U.S. Open is named for this tennis greatArthur Ashe
67%
He won Best Supporting Actor for his portrayal of Tommy DeVito in 'Goodfellas'Joe Pesci
64.1%
American actress murdered by the Manson familySharon Tate
64%
Bio Person % Correct
QB who predicted and helped secure a Jets victory in Super Bowl IIIJoe Namath
63.3%
2012 Republican presidential candidate and co-author of 1994's 'Contract with America'Newt Gingrich
56.3%
Investigative journalist who worked with Carl Bernstein on the Watergate scandalBob Woodward
52%
'Bad, Bad Leroy Brown' and 'Time in a Bottle' singerJim Croce
51.4%
Founding member of Monty Python Eric Idle or Michael Palin
50.7%
Co-founder of Solidarity and President of Poland from 1990 to 1995Lech Wałęsa
43.1%
British Prime Minister from 1990 to 1997John Major
32.7%
American film director whose work includes 'Heat,' 'Collateral' and 'Miami Vice'Michael Mann
24.9%
Gap-toothed model and actress whose films include 'American Gigolo' and 'Zorro, the Gay Blade'Lauren Hutton
24.6%

You're not logged in!

Compare scores with friends on all Sporcle quizzes.
Sign Up with Email
OR
Log In

You Might Also Like...

Show Comments

Extras

Top Quizzes Today


Score Distribution

Your Account Isn't Verified!

In order to create a playlist on Sporcle, you need to verify the email address you used during registration. Go to your Sporcle Settings to finish the process.